| 000 | 00671 a2200193 4500 | ||
|---|---|---|---|
| 010 | _aENG-90165 | ||
| 020 |
_c995.00 _a8189131109 |
||
| 035 | _aEN-73698 | ||
| 037 | _bDBAD / PUB | ||
| 082 | 1 | 4 | _a333.7 |
| 090 |
_c12737 _d12737 |
||
| 245 | 1 |
_aEnvironmental changes and sustainable development in the new millennium/ _cedited by Mohan Singh Panwar |
|
| 260 |
_aNew Delhi _bResearch India Press _c2007 |
||
| 270 |
_aE-6/34, Sangam Vihar _bNew Delhi _e110062 |
||
| 300 |
_axi, 260p. _c22 cm (Hb ) |
||
| 500 | _aIncludes index. | ||
| 942 |
_adpl _cEN _k 333.7 / ENV |
||
| 999 |
_c12374 _d12374 |
||